01466nam a2200313 i 4500001001000000003000900010005001700019007000300036008004100039040003000080041000800110082001800118100004600136245003600182264004400218300002500262336002700287337003300314338002800347590002500375910001400400942001300414952013600427952014300563952014300706952014300849952014300992999001701135000027986DO-SdBNP20250820131409.0ta110406s1978 dr 000 p spa d aDO-SdBNPbspacBNPHUerda aspa axxxbC7452221 aConde Pausas, Alfredoeautor4aut.92470210aAbril. /cAlfredo Conde Pausas. 1aSanto Domingo :bEditora Taller,c1978. a37 páginasc15 cm. atextobtxt2rdacontent asin mediaciónbn2rdamedia avolumenbnc2rdacarrier aInventario, 2023/ YL aYLockward 2ddccLF2 00102ddc51708PDaBNPHUbBNPHUcCTd2023-02-22eLeiby NGiLF1l0oBNPHU PDp2023-7366r2020-06-25w2020-06-25yLF2ZNo se presta 00102ddc51708PDaBNPHUbBNPHUcCTd2017-11-30eDonado por Luciano M.P.iLF1l0oBNPHU PDp2025-8624r2025-08-20te. 2w2025-08-20yLF2 00102ddc56708DSaBNPHUbBNPHUcCTd2017-11-30eDonado por Luciano M.P.iLF1l0oBNPHU DSp2025-8625r2025-08-20te. 3w2025-08-20yLF2 00102ddc56708DSaBNPHUbBNPHUcCTd2017-11-30eDonado por Luciano M.P.iLF1l0oBNPHU DSp2025-8626r2025-08-20te. 4w2025-08-20yLF2 00102ddc56708DSaBNPHUbBNPHUcCTd2017-11-30eDonado por Luciano M.P.iLF1l0oBNPHU DSp2025-8627r2025-08-20te. 5w2025-08-20yLF2 c27478d27478